Pedro e o lobo (Registo nº 2008)

Detalhes MARC
000 -Etiqueta do registo
Cabeçalho 00834nam a22002891 4500
005 - Identificador da versão
Campo de controlo 20240813121922.0
021 ## - Número do Depósito Legal
Código do país PT
100 ## - Dados gerais de processamento
Dados gerais de processamento 20070620d1978 bc y0pory5003 ba
102 ## - Pais de publicação ou produção
País de publicação Portugal
101 1# - Língua de publicação
Língua do texto, banda sonora, etc. Português
Língua do documento no original Inglês
106 ## - Campo de dados codificados: material textual
Dados codificados do material textual r
105 ## - Campo de dados codificados: livros
Dados codificados dos livros a z00y000fy
215 ## - Descrição física 
Indicação específica da natureza do documento e extensão da espécie 24 p.
Outras indicações físicas muito il.
Dimensões 22 cm
200 1# - Titulo e menção de responsabilidade
Título próprio Pedro e o lobo
Primeira menção de responsabilidade Walt Disney
Outras menções de responsabilidade trad. e adapt. Isabel Andréa
225 2# - Colecção 
Título próprio da colecção Walt Disney Histórias
210 ## - Publicação, Distribuição, etc. 
Lugar da edição, distribuição, etc. Lisboa
Nome do editor, distribuidor, etc. Rádio Triunfo
-- Walt Disney Productions
Data da publicação, distribuição, etc. cop. 1978
327 1# - Nota de conteúdo 
Texto da nota Inclui cassete com história
606 ## - Nome comum usado como assunto
Número de registo de entrada de autoridade 0000001
Palavra de ordem Literatura estrangeira infantil
Subdivisão de assunto Conto
675 ## - Classificação Decimal Universal (CDU)
Notação 82-34
Edição
Língua da edição por
702 #1 - Nome de autor-pessoa física (responsabilidade secundária)
Número de registo de entrada de autoridade 0000697
Palavra de ordem Andréa
Outra parte do nome não tomada para palavra de ordem Isabel
Código de função Adaptador
710 02 - Nome de colectividade-autor (responsabilidade principal)
Número de registo de entrada de autoridade 0000644
Palavra de ordem Walt Disney
942 ## - Elementos de entrada adicionados (Koha)
Tipo de item no Koha Livro
Exemplares
Situação do levantamento Origin of item (home branch) (coded) Biblioteca de empréstimo Código de barras Cota Circulation type (not for loan) Tipo de documento Nota do exemplar Damaged status
  Biblioteca Escolar da Coca Maravilhas Biblioteca Escolar da Coca Maravilhas BECM4052/98 8EST DIS   Livro Sem mensagem